00709nam a2200241 a 4500001001300000003000900013005001700022008004100039020002600080082001900106100001900125245003700144260003100181300000900212500003500221505001000256650003200266700001900298902000800317942000700325952012000332999001500452nice12345678IN_TiNIC20260116012835.0050524s1988 lona grp 000 0 eng  a0860681 c451.7500a915.50404bBIR aBird, Isabella aJourneys in Persia and Kurdistan aLondonbVirago Pressc1988 a381p aincludes index and biblioraphy2 aIndex aIran-Travel and Description1 aBird, Isabella bSRS cBK 001040708StackRoom-aHMIbHMId2007-06-05g451.75l0o915.50404 BIRp014113r2007-06-05v451.75w2005-05-24yBK c8596d8596